000
00204nam a2200085 4500
999
_c
518139
_d
518139
100
_a
Rajasthan. Swayat Shasan Vibhag
_9
9908
245
_a
Annual report, 2020-21
260
_a
2021
_b
The author
300
_a
81p.